000 00359cam a22001217a 4500
008 180718b1961 xxu||||| |||| 00| 0 eng d
082 _aA99 V619/A155
100 _aAllighan, Garry
245 _aVerwoerd - the end: a look-back from the future
_cby Garry Allighan
260 _aLondon
_bT.V. Boardman
_c1961
300 _a228p.
650 _aVewoerd, Handrik, 1901
999 _c357657
_d357657